| 000 | 00776cam a22002174a 4500 | ||
|---|---|---|---|
| 005 | 20250605164249.0 | ||
| 008 | 250528s ||||||||||||||||||||||||d | ||
| 035 | _a21653 | ||
| 020 | _a9780395870846 | ||
| 040 |
_aGR-AtMCL _bgre _dGR-AtMCL _eAACR2 |
||
| 245 | 1 | _aCONTEMPORARY BUSINESS COMMUNICATION | |
| 250 | _a1 | ||
| 260 |
_bHoughton Mifflin, _c1998 |
||
| 300 | _a600 | ||
| 505 | 0 | _aCORE CONCEPTS IN BUSINESS COMMUNICATION DEVELOPING YOUR WRITING SKILLS BASIC CORRESPONDENCE REPORT WRITING ORAL AND EMPLOYMENT COMMUNICATION | |
| 520 | _aCORE CONCEPTS IN BUSINESS COMMUNICATION DEVELOPING YOUR WRITING SKILLS BASIC CORRESPONDENCE REPORT WRITING ORAL AND EMPLOYMENT COMMUNICATION | ||
| 700 | 1 |
_aOber Scot _97591 |
|
| 942 | _cBK | ||
| 999 |
_c6714 _d6714 |
||